[Event "Northwest op"]
[Site "Seattle"]
[Date "2014.12.13"]
[Round "3"]
[White "Chamberlain, Andrew"]
[Black "Peterson, Christofer"]
[Result "1-0"]
[WhiteElo "1546"]
[BlackElo "1843"]
[PlyCount "63"]
[EventDate "2014.12.13"]
[EventType "swiss"]
[EventRounds "5"]
[EventCountry "USA"]
[SourceTitle "EXT 2017"]
[Source "ChessBase"]
[SourceDate "2016.10.25"]
[SourceVersion "1"]
[SourceVersionDate "2016.10.25"]
[SourceQuality "1"]

1. d4 d5 2. c4 c6 3. Nc3 g6 4. Bf4 Bg7 5. e3 Nf6 6. Nf3 0-0 7. h3 Bf5 8. Bd3 Be4 9. 0-0 Nbd7 10. cxd5 Bxd5 11. e4 Be6 12. Ng5 Nh5 13. Nxe6 fxe6 14. Be3 Qb6 15. Bc4 Qxb2 16. Bxe6+ Kh8 17. Na4 Qb4 18. Bxd7 Rad8 19. Rb1 Qd6 20. Bg4 Bxd4 21. Bxd4+ Qxd4 22. Qxd4+ Rxd4 23. Nc5 Rc4 24. Ne6 Rb8 25. Bxh5 gxh5 26. f3 Rc2 27. Rf2 Rc3 28. Rd2 b5 29. Rd7 a5 30. Rbd1 Kg8 31. Rxe7 b4 32. Rdd7 1-0